000 00377nam a22001337a 4500
003 SGT
020 _a9788193719084
082 _a080
_bL18T
100 _aतिवारी, संजयपति
245 _aललिता ऑफ्टर शास्त्रीजी
260 _bनवजागरण प्रकाशन
_c2018
300 _a280
942 _2ddc
_cBK
999 _c31506
_d31506